Personnages de fiction en images #4 - Statistiques

Statistiques générales
  • Ce quiz a été pris 287 fois
  • Le résultat moyen est 20 sur 40
Statistiques - réponses
Par images Hint Réponse % Correct
Nemo
100%
Batman
98%
Pinocchio
91%
Toy Story Buzz l'Éclair
89%
Forrest Gump
89%
Tomb Raider Lara Croft
89%
Raiponce
87%
Shrek Princesse Fiona
86%
Spirou
77%
Titeuf Zizie
73%
Les Tortues Ninja Leonardo
61%
Buffy Summers
60%
Star Wars Obi-Wan Kenobi
60%
Aladdin Abu
57%
Albator
57%
Le Seigneur des anneaux Bilbon Sacquet
56%
Chihiro
55%
Dragon Ball Son Goku
55%
Super Mario Toadette
55%
RoboCop
54%
SamSam
53%
L'Âge de glace Scrat
53%
Jay Gatsby
46%
Les Simpson Moe Szyslak
46%
BoJack Horseman
43%
Borat Sagdiyev
43%
Vikings Ragnar Lothbrok
36%
Dragons Harold Horrib' Haddock III
35%
Austin Powers
33%
Miss Marvel
26%
X-Files Fox Mulder
24%
Die Hard John McClane
23%
Tony Soprano
21%
Ally McBeal
19%
24 heures chrono Jack Bauer
18%
Futurama Philip J. Fry
16%
Doctor Who Dixième Docteur
14%
Modern Family Phil Dunphy
12%
Fleabag
7%
Westworld Bernard Lowe
1%
Aucun quiz correspondant
Distribution des résultats
% des personnes avec chaque résultat
Percentile par nombre de réponses
Votre historique - résultats
Vous n’avez pas pris ce quiz